000 00499 a2200145 4500
001 152995
040 _cEscola São Tomás de Aquino
100 _aLITUIN, Aníbal
240 1 0 _a1.000 curiosidades insólitas que um garoto deveria saber para descobrir que no mundo só tem louco.
_lpor
245 1 0 _a1.000 curiosidades insólitas que um garoto deveria saber para descobrir que no mundo só tem louco.
362 0 _a2010
440 1 _aV & R Editoras
697 _a*LITERATURA JUVENIL
942 _cBK
999 _c152995
_d152995